Statistiques concernant 50 verbes en espagnol

Cliquez ici pour prendre le quiz!

Statistiques générales

  • Ce quiz a été pris 286 fois
  • Le résultat moyen est 40 sur 50

Statistiques - réponses

HintRéponse% Correct
ParlerHablar
93%
BoireBeber
92%
MangerComer
89%
EcrireEscribir
89%
DanserBailar
88%
CuisinierCocinar
88%
LireLeer
88%
VenirVenir
88%
VoirVer
88%
VivreVivir
88%
JouerJugar
87%
PenserPensar
87%
TravaillerTrabajar
87%
VoyagerViajar
87%
DireDecir
86%
PreférerPreferir
86%
ConnaitreConocer
85%
PouvoirPoder
85%
FaireHacer
84%
RegarderMirar
84%
SavoirSaber
83%
UtiliserUsar
83%
DonnerDar
82%
CroireCreer
81%
EtreSer
81%
AllerIr
80%
NaitreNacer
80%
PayerPagar
80%
ChanterCantar
79%
OuvrirAbrir
78%
PerdrePerder
78%
RéunirReunir
78%
SortirSalir
78%
Etre (dans un lieu)Estar
77%
InformerInformar
77%
AvoirTener
77%
AiderAyudar
75%
VouloirQuerer
75%
SauterSaltar
75%
ToucherTocar
75%
IndiquerIndicar
74%
AimerAmar
73%
FermerCerrar
71%
ComprarAcheter
70%
ChercherBuscar
69%
MettrePoner
68%
S'asseoirSentarse
64%
ResterQuedar
62%
MarcherAndar
61%
TrouverEncontrar
55%

Distribution des résultats

Percentile par nombre de réponses

% des personnes avec chaque résultat

Votre développement - résultats

Vous n’avez pas pris ce quiz